书目信息 |
| 题名: |
奋勇前“径”
|
|
| 作者: | 张国余 主编 | |
| 分册: | ||
| 出版信息: | 太原 山西经济出版社 2022 |
|
| 页数: | 175页 | |
| 开本: | 21cm | |
| 丛书名: | ||
| 单 册: | ||
| 中图分类: | G82 | |
| 科图分类: | ||
| 主题词: | 田径运动--基本知识 | |
| 电子资源: | ||
| ISBN: | 978-7-5577-0955-6 | |
| 000 | 00776nam0 2200217 450 | |
| 001 | 2359600146 | |
| 005 | 20231205163333.21 | |
| 010 | @a978-7-5577-0955-6@dCNY28.00 | |
| 100 | @a20221230d2022 em y0chiy50 ea | |
| 101 | 0 | @achi |
| 102 | @aCN@b140000 | |
| 105 | @aa z 000yy | |
| 200 | 1 | @a奋勇前“径”@Afen yong qian “ jing ”@e田径项目@f张国余主编 |
| 210 | @a太原@c山西经济出版社@d2022 | |
| 215 | @a175页@c图@d21cm | |
| 330 | @a本书分理论研究、田径模块教学实践两章,内容包括:关于高中学生中长跑业余训练的思考、学校体育教学对树立终身体育锻炼意识的作用、体育学科素养培养与终身体育锻炼目的意义、如何当好兴趣辅导员等。 | |
| 606 | 0 | @a田径运动@x基本知识 |
| 690 | @aG82@v5 | |
| 701 | 0 | @a张国余@Azhang guo yu@4主编 |
| 801 | 0 | @aCN@b91MARC@c20230115 |
| 905 | @aZUCC@dG82@e13 | |
| 奋勇前“径”:田径项目/张国余主编.-太原:山西经济出版社,2022 |
| 175页:图;21cm |
| ISBN 978-7-5577-0955-6:CNY28.00 |
| 本书分理论研究、田径模块教学实践两章,内容包括:关于高中学生中长跑业余训练的思考、学校体育教学对树立终身体育锻炼意识的作用、体育学科素养培养与终身体育锻炼目的意义、如何当好兴趣辅导员等。 |
| ● |
| 相关链接 |
|
|
|
正题名:奋勇前"径"
索取号:G82/13
 
预约/预借
| 序号 | 登录号 | 条形码 | 馆藏地/架位号 | 状态 | 备注 |
| 1 | 2001267487 | 2001267487 | 辽宁北方(第一批)/辽宁北方(第一批)/322/ [索取号:G82/13] | 在馆 | |
| 2 | 2001267488 | 2001267488 | 辽宁北方(第一批)/辽宁北方(第一批)/322/ [索取号:G82/13] | 在馆 | |
| 3 | 2001267489 | 2001267489 | 辽宁北方(第一批)/辽宁北方(第一批)/322/ [索取号:G82/13] | 在馆 | |
| 4 | 2001267490 | 2001267490 | 辽宁北方(第一批)/辽宁北方(第一批)/322/ [索取号:G82/13] | 在馆 | |
| 5 | 2001267491 | 2001267491 | 辽宁北方(第一批)/辽宁北方(第一批)/322/ [索取号:G82/13] | 在馆 | |
| 6 | 2001267492 | 2001267492 | 辽宁北方(第一批)/辽宁北方(第一批)/322/ [索取号:G82/13] | 在馆 |